The gay militants /
Guardat en:
| Autor principal: | |
|---|---|
| Format: | Llibre |
| Idioma: | anglès |
| Publicat: |
New York :
Stein and Day,
1971
|
| Etiquetes: |
Sense etiquetes, Sigues el primer a etiquetar aquest registre!
|
MARC
| LEADER | 00000nam a22000007i 4500 | ||
|---|---|---|---|
| 001 | IT\ICCU\UTO\1399716 | ||
| 003 | ItRI | ||
| 005 | 20250912141947.0 | ||
| 008 | 210621s1971 xxu|||||| ||||| |||||c | ||
| 040 | |b ita |c GP | ||
| 041 | 7 | |a eng |2 ISO-639-2 | |
| 100 | 1 | |a Teal, Donn |0 IT\ICCU\UTOV\556221 |4 aut | |
| 245 | 1 | 4 | |a The gay militants / |c Donn Teal. |
| 260 | |a New York : |b Stein and Day, |c 1971 | ||
| 300 | |a 355 p. ; |c 24 cm | ||
| 942 | |2 ddc |c BK | ||
| 952 | |0 0 |1 0 |2 ddc |4 0 |6 306_766000000000000_TEA |7 1 |9 1019 |a RM |b RM |d 2024-03-12 |l 0 |o 306.766 TEA |p 531 |r 2024-03-12 19:41:53 |w 2024-03-12 |y BK | ||
| 952 | |0 0 |1 0 |2 ddc |4 0 |7 0 |9 6823 |a MI |b MI |d 1988-02-18 |i 848 |l 0 |p CDOM848 |r 2025-07-13 16:28:00 |w 2025-07-13 |x ACQUISTO |y BK | ||
| 981 | 1 | |6 z01 |a i |b xxxe | |
| 982 | 1 | |6 z01 |a n | |
| 999 | |c 930 |d 930 | ||